| 000 | 01209nkm a2200313 c 4500 | ||
|---|---|---|---|
| 003 | BLK | ||
| 005 | 20180422121149.0 | ||
| 008 | 180413b bul rap|r|||| r0| ||bulo| | ||
| 010 | _aKNG00188002000 | ||
| 020 |
_a978-954-26-0897-4 _bиздат.: Хермес |
||
| 040 | _aBLK | ||
| 041 |
_aBUL _cBUL |
||
| 072 | 7 |
_2bullib _aН86 _xДетска отраслова литература Н |
|
| 080 |
_aИздания за деца и юноши. Книжки-картинки. Читанки. Вж и 372.4 _b087.5 _x _z087.5 |
||
| 700 | 1 |
_aБалтова, Ивелина Божидарова _eпрев. _9370230 |
|
| 139 |
_aФеите _bФ 34 |
||
| 245 | 1 | 0 |
_aФеите _cпрев. Ивелина Божидарова Балтова. |
| 257 | _aBGR | ||
| 260 |
_аПловдив _bХермес _c2011 _fотпеч. в Индия |
||
| 300 |
_a16 с. _bс цв. ил. + 7 л. цв. шаблони и стикери _c27 см |
||
| 380 | _aDN | ||
| 490 | 1 | _aПриказна чантичка | |
| 659 | _aН | ||
| 852 | _aЦб Гр А 2846 | ||
| 856 | 4 |
_qpdf _u |
|
| 856 | 4 |
_qpdf _u |
|
| 942 |
_cGRA _n0 |
||
| 944 |
_aCR _c26.05.2016 _kВиолета_Тройчева |
||
| 944 |
_aED _c23.12.2017 _kВиолета_Тройчева |
||
| 999 |
_c211723 _d211723 |
||